| 000 | 00665nam a22002057a 4500 | ||
|---|---|---|---|
| 005 | 20180419112430.0 | ||
| 010 | _aENG-122466 | ||
| 020 |
_a9788171393879 _c900.00 |
||
| 035 | _aEN-105998 | ||
| 037 | _bDBAD/PUB | ||
| 082 | _a578.7 | ||
| 100 | _aMohd. Azharul Haque | ||
| 245 |
_aBiodiversity extinction and deforestation / _cby Mohd. Azharul Haque [and] Tanmoy Rudra |
||
| 260 |
_aNew Delhi _bJnanada Prakashan (P&D) _c2017 |
||
| 270 |
_a4837/2, 24, Ansari Road, Daryaganj, _bNew Delhi _e110002 |
||
| 300 |
_a300p. _bill. _c21cm(Hb) |
||
| 500 | _aInclude bibliography [and] index | ||
| 700 | _dTanmoy Rudra | ||
| 942 |
_2ddc _cEN _mAZH _h578.7 |
||
| 999 |
_c150703 _d150703 |
||